00871 2200277 4500245005900000250001100059100001800070700002400088700001800112700002200130700002000152700002400172700002200196700001800218700002200236700001900258700001600277650001600293005001900309260001800328041001400346084000800360300002000368500019600388336000900584 aKoleksi Karya Siswa Kelas XI - PHcAbyan FirdaushText aCet. 1 aAbyan Firdaus aAlyf Danda Al-Qorni aFakhri Naufal aHalwa Reva Harisa aLaelani Zahirah aFabian Ananda Putra aMichael Febrianto aSaadah Kamila aSheila Nur Rohmah aZahra Auliyani aZahra Indah aKarya Siswa a20240221105933 aJakartac2024 aIndonesia a081 ailus. :c25 cm. aKoleksi karya siswa ini merupakan karya argumentasi dari beberapa siswa kelas XI-PH. Beberapa karya seperti Kebakaran di Lahan Gunung Bromo, Keajaiban-keajaiban Dunia dan karya-karya lainnya. atext